000 00721nam a22002057a 4500
005 2010081102162.0
010 _aENG-99443
020 _a9788190748414
_c110.00
035 _aEN-82975
037 _bDBAD/PUB
082 _a005.3
100 _a Hariharan, P.
_910539
245 _aComputer applications including E.commerce /
_cP. Hariharan
260 _aTamilnadu
_bML Publication
_c2008
270 _a30/j -22 V.R.S Nagar, Polur
_bTamilnadu
300 _a207p.:
_bill.
_c21cm (pbk)
650 _aComputer application
_910540
942 _2ddc
_cEN
_h005.3
_mHAR
999 _c40817
_d40817